Κατάλογος Βιβλιοθηκών Mediterranean College

Στοιχεία Ναυτιλιακής Λογιστικής / Δι' Επιχειρήσεις Εκμεταλλευόμενας Φορτηγά και Δεξαμενόπλοια (Record no. 1889)

MARC details
000 -LEADER
fixed length control field 02505cam a22002054a 4500
005 - ΗΜΕΡΟΜΗΝΙΑ ΚΑΙ ΩΡΑ ΤΕΛΕΥΤΑΙΑΣ ΕΝΗΜΕΡΩΣΗΣ
Πεδίο ελέγχου 20250605164022.0
008 - FIXED-LENGTH DATA ELEMENTS--GENERAL INFORMATION
Πεδίο ελέγχου σταθερού μήκους 250528s ||||||||||||||||||||||||d
035 ## - SYSTEM CONTROL NUMBER
System control number 16381
040 ## - ΠΗΓΗ ΚΑΤΑΛΟΓΟΓΡΑΦΗΣΗΣ
Φορέας πρωτότυπης καταλογογράφησης MC Athens Campus Library
Γλώσσα καταλογογράφησης Ελληνικά, Μοντέρνα (1453-)
Modifying agency MC Athens Campus Library
Κανόνες περιγραφικής καταλογογράφησης AACR2
245 1# - ΤΙΤΛΟΣ ΚΑΙ ΔΗΛΩΣΗ ΥΠΕΥΘΥΝΟΤΗΤΑΣ
Τίτλος Στοιχεία Ναυτιλιακής Λογιστικής / Δι' Επιχειρήσεις Εκμεταλλευόμενας Φορτηγά και Δεξαμενόπλοια
250 ## - EDITION STATEMENT
Edition statement
260 ## - PUBLICATION, DISTRIBUTION, ETC.
Name of publisher, distributor, etc. Αθήνα,
Date of publication, distribution, etc. 1977
300 ## - PHYSICAL DESCRIPTION
Extent 210
505 0# - FORMATTED CONTENTS NOTE
Formatted contents note Πρόλογος, Εισαγωγή, Λειτουργία Λογαριασμών Ενεργητικού, Λειτουργία Λογαριασμών Παθητικού και Καθαράς Θέσεως, Ο Λογαριασμός του Πλοιάρχου, Λειτουργία των Λογαριασμών Εσόδων - Εξόδων και Κατανομή των στους Λογαριασμούς Εκμεταλλεύσεως, Επισκευές του Πλοίου, Απόσβεση Πλοίων, Τόκοι Πιστωτικών Κεφαλαίων, Λογαριασμοί σε Ξ΄΄ενο Νόμισμα, Λογαριασμός Αποτελεσμάτων Χρήσεως, Λογιστικό Σχέδιο, Καθορισμός του Κατάλληλου Λογιστικού Συστήματος στις Ναυτιλιακές Επιχειρήσεις, Βοηθητικά Βιβλία Ναυτιλιακής Επιχείρησης.
520 ## - SUMMARY, ETC.
Summary, etc. Πρόλογος, Εισαγωγή, Λειτουργία Λογαριασμών Ενεργητικού, Λειτουργία Λογαριασμών Παθητικού και Καθαράς Θέσεως, Ο Λογαριασμός του Πλοιάρχου, Λειτουργία των Λογαριασμών Εσόδων - Εξόδων και Κατανομή των στους Λογαριασμούς Εκμεταλλεύσεως, Επισκευές του Πλοίου, Απόσβεση Πλοίων, Τόκοι Πιστωτικών Κεφαλαίων, Λογαριασμοί σε Ξ΄΄ενο Νόμισμα, Λογαριασμός Αποτελεσμάτων Χρήσεως, Λογιστικό Σχέδιο, Καθορισμός του Κατάλληλου Λογιστικού Συστήματος στις Ναυτιλιακές Επιχειρήσεις, Βοηθητικά Βιβλία Ναυτιλιακής Επιχείρησης.
700 1# - ΠΡΟΣΘΕΤΗ ΑΝΑΓΡΑΦΗ--ΦΥΣΙΚΟ ΠΡΟΣΩΠΟ
Personal name Χαραλάμπους Αντώνης
9 (RLIN) 2477
942 ## - ADDED ENTRY ELEMENTS (KOHA)
Koha item type Books
Holdings
Τύπος τεκμηρίου Βιβλιοθήκη Τρέχουσα τοποθεσία Barcode Αριθμός εισαγωγής Ημερομηνία απόκτησης Ταξιθετικό σύμβολο Αριθμός αντιτύπου Κατάσταση απόσυρσης Κατάσταση χαμένου Κατάσταση κατεστραμμένου Μη δανεισμός Σύνολο δανεισμών Ημερομηνία τελευταίας εμφάνισης Η τιμή ισχύει από
Books MC Athens Campus Library MC Athens Campus Library 9780000018885 4081 05/06/2025 657.8 HAR 1           05/06/2025 05/06/2025

MC Athens Campus Library
Πατησίων 94 & Κοδριγκτώνος 13, 104 34
Πελλήνης 8 & Πατησίων 107, 112 51
Τ: +30 210 8899600

MC Thessaloniki Campus Library
Ίωνος Δραγούμη 21, 54625 | Ίωνος Δραγούμη 15, 54625
Τ: +30 2310 287779 – Τ: +30 2314 440300